Desserts Dective - Statistics

General Stats
  • This quiz has been taken 26 times
  • The average score is 7 of 10
Answer Stats
Question Answer % Correct
This American dessert has a flaky crust and a sweet filling made from spiced apples. It’s often served with vanilla ice cream. Apple Pie
82%
These baked goodies are round, often chewy, and come in flavors like chocolate chip, oatmeal raisin, and peanut butter. Cookies
82%
This deep-fried dough treat is often ring-shaped, coated in sugar or glaze, and comes in flavors like chocolate, jelly-filled, or maple bacon. Donut
82%
This no-bake dessert features layers of ladyfinger cookies soaked in coffee, mascarpone cream, and cocoa powder. It’s a beloved Italian treat. Tiramisu
82%
This dense, square-shaped dessert is made with chocolate, butter, sugar, and often nuts. It’s fudgy or cakey depending on the recipe. Brownie
76%
This French dessert is made of rich custard topped with a layer of hardened caramelized sugar, often torched just before serving. Crème Brûlée
76%
This frozen dessert is made by shaving ice and topping it with flavored syrups. It’s a summer favorite in Hawaii and Japan. Shaved Ice
76%
This creamy dessert is made with eggs, sugar, milk, and topped with caramel. It jiggles when served and is popular in Latin America and Europe. Flan
59%
This layered dessert includes sponge cake, custard or cream, and fruit or jam. It’s often served in a glass bowl. Trifle
59%
This rich dessert is made by melting chocolate with cream and sometimes butter. It’s used as a dip, filling, or glaze. Ganache
35%
No matching quizzes found
Score Distribution
Percent of People with Each Score
Percentile by Number Answered
Your Score History
You have not taken this quiz